000 00378nam a22001457a 4500
003 OSt
005 20250820141110.0
008 250820b |||||||| |||| 00| 0 eng d
040 _cSVYASA
100 _aAvani Prakash
_91114
245 _aEffect of cooling pranayama on managing anger in adolescents.
260 _aBangaluru
_bSvyasa
_c2025
300 _a52 p.
942 _2ddc
_cD
_n0
999 _c20707
_d20707